000 00828nam a2200229Ia 4500
001 10364
003 GE_BSU
008 181216s||||||||xx |||||||||||||| ||und||
040 _cGE_BSU
080 _a821.353.1–32
100 _aუბილავა,ელიზბარ
245 _aყავარჯენი
245 _bნოველები;მგზავრის წერილები
245 _cრედ.ი.ხოშტარია,მხატვ.ა.ნაზარიშვილი
260 _aთბილისი
260 _bსაბჭოთა საქართველო
260 _c1960
300 _a132გვ.ილ.20სმ.
653 _aნოველები;მგზავრის წერილები
653 _aყავარჯენი
942 _cBK
999 _c43629
_d43629